000 00607nam a22002057a 4500
003 OSt
005 20241004125803.0
008 210921b ||||| |||| 00| 0 eng d
020 _a0750663804
040 _cDDC
082 _a620.11ASH2005
100 _aEdited by Ashby, Michael F.; Jones, David R.H.
_914886
245 _aEngineering Materials 1
_bAn introduction to properties,applications and design
260 _aUK;
_bElsevier,
_c2005
300 _axiv,424p;
_bill;
_c26cm
504 _aIncludes; references and index.
650 _aEngineering
_9809
650 _aPhysics
_9809
942 _2ddc
_cO_SHELF
999 _c7248
_d7248